Moderné nástroje rozhodovania malých podnikov v maloobchode

Analýza spotrebiteľského správania a spádových oblastí jednotlivých existujúcich predajní v príslušných obvodoch na území mesta Bratislava a analýza dostupných geografických a priestorových údajov v mieste umiestnenia predajní. V prvej časti autor analyzuje miesto maloobchodnej prevádzky podľa nákup...

Ausführliche Beschreibung

Gespeichert in:
Bibliographische Detailangaben
1. Verfasser: Toman, Marian, 1970-
Format: Buchkapitel
Sprache:Slowakisch
Schlagworte:
Tags: Tag hinzufügen
Keine Tags, Fügen Sie das erste Tag hinzu!

MARC

LEADER 00000nla a2200000 4500
001 0211202
005 20240502073524.0
041 0 |a slo 
044 |a SK 
245 1 0 |a Moderné nástroje rozhodovania malých podnikov v maloobchode  |c Marian Toman 
520 |a Analýza spotrebiteľského správania a spádových oblastí jednotlivých existujúcich predajní v príslušných obvodoch na území mesta Bratislava a analýza dostupných geografických a priestorových údajov v mieste umiestnenia predajní. V prvej časti autor analyzuje miesto maloobchodnej prevádzky podľa nákupného toku spotrebiteľov aplikáciou geomarketingu GIS a kartograficky ich zobrazuje, v ďalšom tieto údaje analyzuje pomocou štatistického softvéru. 
610 2 0 |a maloobchod 
610 2 0 |a predajne 
610 2 0 |a lokalizácia 
610 2 0 |a systémy informačné geografické 
610 2 0 |a ekonomika priestorová 
610 2 0 |a správanie spotrebiteľa 
610 2 0 |a analýzy 
100 1 |a Toman, Marian, 1970-